000 00495nam a2200169 4500
001 109583
003 ES-SlBCS
005 20210327224050.0
008 141110b xxu||||| |||| 00| 0 spa d
040 _bspa
_cES-SlBCS
100 1 _aBloch, Raymond
_992372
245 1 4 _aLes Étrusques
_cRaymond Bloch
260 _aGenève ;
_aParis ;
_aMunich :
_bNagel
_c, impr. 1969
300 _a1 vol. (196 p.) :
_bill. en noir et en coul., dépl ;
_c24 cm.
650 _aArqueología
_92136
942 _2lcc
_cBK
999 _c457421
_d457421